| 000 | 00456nam a2200181Ia 4500 | ||
|---|---|---|---|
| 003 | OSt | ||
| 005 | 20231006155841.0 | ||
| 008 | 231006b ||||| |||| 00| 0 eng d | ||
| 040 | _cAL | ||
| 041 | _aeng | ||
| 082 |
_223 _a820.954 _bTHAW |
||
| 100 |
_aSusie Tharu _9136526 |
||
| 245 | _aWomen writing in India | ||
| 260 |
_aNew Delhi _bOxford University _c2013 |
||
| 650 |
_2Literature _aFiction _9136527 |
||
| 700 |
_aLalita, K _9136528 |
||
| 942 |
_2ddc _cBK |
||
| 999 |
_c166241 _d166241 |
||